Africa works : (Record no. 25470)
[ view plain ]
| 000 -LEADER | |
|---|---|
| fixed length control field | 01234cam a22003135a 4500 |
| 001 - CONTROL NUMBER | |
| control field | 1199766 |
| 005 - DATE AND TIME OF LATEST TRANSACTION | |
| control field | 20171009123326.0 |
| 008 - FIXED-LENGTH DATA ELEMENTS--GENERAL INFORMATION | |
| fixed length control field | 980805s1999 enk frb s001 0 eng d |
| 020 ## - INTERNATIONAL STANDARD BOOK NUMBER | |
| International Standard Book Number | 9780852558140 |
| 040 ## - CATALOGING SOURCE | |
| Original cataloging agency | DLC |
| Transcribing agency | DLC |
| Modifying agency | DLC |
| -- | EG-ScBUE |
| Language of cataloging | eng |
| 043 ## - GEOGRAPHIC AREA CODE | |
| Geographic area code | fb----- |
| 082 04 - DEWEY DECIMAL CLASSIFICATION NUMBER | |
| Edition number | 22 |
| Classification number | 306.20967 |
| Item number | CHA |
| 100 1# - MAIN ENTRY--PERSONAL NAME | |
| Personal name | Chabal, Patrick, |
| Dates associated with a name | 1951-2014. |
| 245 10 - TITLE STATEMENT | |
| Title | Africa works : |
| Remainder of title | disorder as political instrument / |
| Statement of responsibility, etc | Patrick Chabal, Jean-Pascal Daloz. |
| 260 ## - PUBLICATION, DISTRIBUTION, ETC. (IMPRINT) | |
| Place of publication, distribution, etc | [London] : |
| Name of publisher, distributor, etc | International African Institute ; |
| Place of publication, distribution, etc | Oxford : |
| Name of publisher, distributor, etc | James Currey ; |
| Place of publication, distribution, etc | Bloomington : |
| Name of publisher, distributor, etc | Indiana University Press, |
| Date of publication, distribution, etc | 1999. |
| 300 ## - PHYSICAL DESCRIPTION | |
| Extent | xxi, 170 p. ; |
| Dimensions | 23 cm. |
| 500 ## - GENERAL NOTE | |
| General note | Index : p. 167-170. |
| 504 ## - BIBLIOGRAPHY, ETC. NOTE | |
| Bibliography, etc | Bibliography : p. 164-166. |
| 650 #7 - SUBJECT ADDED ENTRY--TOPICAL TERM | |
| Topical term or geographic name as entry element | Elite (Social sciences) |
| Geographic subdivision | Africa, Sub-Saharan. |
| Source of heading or term | BUEsh |
| 650 #0 - SUBJECT ADDED ENTRY--TOPICAL TERM | |
| Topical term or geographic name as entry element | Civil society |
| Geographic subdivision | Africa, Sub-Saharan. |
| Source of heading or term | BUEsh |
| 650 #7 - SUBJECT ADDED ENTRY--TOPICAL TERM | |
| Topical term or geographic name as entry element | Political corruption |
| Geographic subdivision | Africa, Sub-Saharan. |
| Source of heading or term | BUEsh |
| 651 #7 - SUBJECT ADDED ENTRY--GEOGRAPHIC NAME | |
| Geographic name | Africa, Sub-Saharan |
| General subdivision | Politics and government |
| Chronological subdivision | 1960- |
| Source of heading or term | BUEsh |
| 9 (RLIN) | 28829 |
| 651 #7 - SUBJECT ADDED ENTRY--GEOGRAPHIC NAME | |
| Geographic name | Africa, Sub-Saharan |
| General subdivision | Economic conditions |
| Chronological subdivision | 1960- |
| Source of heading or term | BUEsh |
| 651 #7 - SUBJECT ADDED ENTRY--GEOGRAPHIC NAME | |
| Geographic name | Africa, Sub-Saharan |
| General subdivision | Social conditions |
| Chronological subdivision | 1960- |
| Source of heading or term | BUEsh |
| 653 ## - INDEX TERM--UNCONTROLLED | |
| Resource For college | BAEPS, Political Science |
| Arrived date list | October2017 |
| 655 ## - INDEX TERM--GENRE/FORM | |
| Form subdivision | Text book |
| -- | 33728 |
| 700 1# - ADDED ENTRY--PERSONAL NAME | |
| Personal name | Daloz, Jean-Pascal. |
| 942 ## - ADDED ENTRY ELEMENTS (KOHA) | |
| Source of classification or shelving scheme | Dewey Decimal Classification |
| Withdrawn status | Item status | Source of classification or shelving scheme | Damaged status | Not for loan | Vendor | Home library | Current library | Shelving location | Date acquired | Source of acquisition | Cost, normal purchase price | Total Checkouts | Total Renewals | Full call number | Barcode | Date last seen | Date last borrowed | Koha item type |
|---|---|---|---|---|---|---|---|---|---|---|---|---|---|---|---|---|---|---|
| Dewey Decimal Classification | Baccah | Central Library | Central Library | First floor | 09/10/2017 | Purchase | 450.00 | 3 | 7 | 306.20967 CHA | 000042073 | 15/07/2025 | 02/04/2019 | Book - Borrowing | ||||
| Dewey Decimal Classification | Baccah | Central Library | Central Library | First floor | 09/10/2017 | Purchase | 450.00 | 306.20967 CHA | 000042074 | 15/07/2025 | NB - Book (Non borrowing) | |||||||
| Dewey Decimal Classification | Baccah | Central Library | Central Library | First floor | 09/10/2017 | Purchase | 450.00 | 2 | 10 | 306.20967 CHA | 000042075 | 15/07/2025 | 03/10/2019 | Book - Borrowing | ||||
| Dewey Decimal Classification | Baccah | Central Library | Central Library | First floor | 09/10/2017 | Purchase | 450.00 | 1 | 306.20967 CHA | 000042076 | 15/07/2025 | 21/03/2019 | Book - Borrowing | |||||
| Dewey Decimal Classification | Baccah | Central Library | Central Library | First floor | 09/10/2017 | Purchase | 450.00 | 3 | 12 | 306.20967 CHA | 000042077 | 15/07/2025 | 20/03/2019 | Book - Borrowing |